000 00774nab a2200241u 4500
001 23979
003 HDC
007 c| |||a|c|aaaa
008 210320b20151006my ||||| |||| 00| 0 may d
040 _aHDC
100 _aMohamad Hussin /
_eAuthor
_98116
245 0 _aSnek biji Rambutan /
_cMohamad Hussin
336 _atext
_2rdacontent
337 _acomputer
_2rdamedia
338 _aonline resource
_2rdacarrier
650 _aRambutan snack
_920241
650 _aSmall and medium-sized enterprises
_97760
710 _aHARIAN METRO
856 _zRequest full-text at [email protected]
942 _2lcc
942 _cNEWS
942 _kNWSC 005299
999 _c21295
_d21295